000 00530nam a2200217Ia 4500
008 210210b1909 xxu||||| |||| 00| 0 eng d
041 _aeng
082 _a535/35
100 _aFOSTER (G Carey)
245 _aElementary treatise on electricity and magnetism
260 _aLondon
_bLongman Green & Co.
_c1909
300 _a633
650 _atreatise
650 _aon
650 _amagnetism
650 _aElementary
650 _aelectricity
690 _aElectricity
700 _aPORTER (Alfred W)
906 _a008653
999 _c126454
_d126454